The Russian revolution
Gardado en:
| Autor Principal: | |
|---|---|
| Formato: | Libro |
| Idioma: | inglés |
| Publicado: |
Nueva York
Dubleday
1959
|
| Series: | Anchor Books, 170
|
| Subjects: | |
| Tags: |
Engadir etiqueta
Sen Etiquetas, Sexa o primeiro en etiquetar este rexistro!
|
MARC
| LEADER | 00000nam a2200000 a 4500 | ||
|---|---|---|---|
| 001 | UCO1689 | ||
| 003 | CL-VaPUC | ||
| 008 | 000519e19590000US |||||||||||||||||eng|d | ||
| 082 | 0 | 4 | |a 947.0841 |b DUP |2 21 |
| 100 | 0 | |a Dupee, F. W |e author |9 444128 | |
| 245 | 1 | 4 | |a The Russian revolution |
| 300 | |a 524 p | ||
| 942 | |c BK | ||
| 945 | |d 20000519 00:00:00 |a rherrera | ||
| 260 | |a Nueva York |b Dubleday |c 1959 | ||
| 650 | 7 | |a HISTORIA DE RUSIA 1917 |2 CL-VaPUC |9 442338 | |
| 650 | 7 | |a REVOLUCION RUSA 1917 |2 CL-VaPUC |9 366175 | |
| 650 | 0 | |a Zarismo |9 444129 | |
| 650 | 0 | |a Cronología |9 268356 | |
| 651 | 0 | |a Rusia |9 256106 | |
| 583 | |a last modification |c 20170518 01:12:21 |k Rodrigo Vera | ||
| 490 | 0 | |a Anchor Books, 170 | |
| 999 | |c 288293 |d 288291 | ||
| 952 | |0 0 |1 0 |4 0 |6 947_084100000000000_DUP_1959 |7 0 |8 A |9 335876 |a BIBHIS |b BIBHIS |d 2019-11-20 |i 1282506 |o 947.0841 DUP 1959 |p 1282506 |r 2025-01-20 |w 2019-11-20 |y BK |k HIS | ||